Liderazgo: una decisión personal /

Guardado en:
Autor Principal: Gil´adí, Daniel
Formato: Libro
Publicado: México : Mcgraw-hill Interamericana, 2004
Materias:
Etiquetas: Agregar Etiqueta
Sin Etiquetas, Sea el primero en etiquetar este registro!
LEADER 00953nam a22002055a 4500
001 CEM.cems014794
005 20170623181051.0
008 130507s2004##################000#0#####d
003 CEMS
020 |a 970104746x 
082 0 4 |a 658.3 
100 1 |a Gil´adí, Daniel 
245 1 0 |a Liderazgo: una decisión personal /  |c Daniel Gil´adí 
260 |a México :  |b Mcgraw-hill Interamericana,  |c 2004 
300 |a 183 p. 
505 0 |a Mitos y realidades del liderazgo -- Los diferentes aspectos de la autoridad -- Autoridad, poder e investidura -- Ejercicio del liderazgo -- Desarrollo de las diferencias entre hombres y mujeres -- Gerencia masculina y gerencia femenina -- Liderazgo femenino, comunicación, héroes y barreras -- El manejo de las emociones -- Mirar más allá de las personas -- Preparándonos para el futuro 
653 |a Liderazgo 
653 |a Sociología 
653 |a Psicología 
859 |a CEMS  |b BIB. CEMS - 11 de abril  |h 658.3  |i G37  |p 27377.17  |t Ej.1